Poesía actual de Guatemala
Guardat en:
| Autor principal: | |
|---|---|
| Format: | Desconegut |
| Publicat: |
Madrid, España:
Centro Iberoamericano de Cooperación,
|
| Matèries: | |
| Etiquetes: |
Afegir etiqueta
Sense etiquetes, Sigues el primer a etiquetar aquest registre!
|
MARC
| LEADER | 000000000a22000000004500 | ||
|---|---|---|---|
| 001 | 001259 | ||
| 022 | |a 0011-250X | ||
| 041 | 0 | |a español | |
| 092 | 0 | |a Cuadernos Hispanoamericanos | |
| 100 | 1 | |a Sierra, José Luis | |
| 245 | 1 | 0 | |a Poesía actual de Guatemala |
| 260 | |a Madrid, España: |b Centro Iberoamericano de Cooperación, | ||
| 500 | |a Algunos de los poetas seleccionados son representantes del grupo denominado Nuevo Signo, base indiscutible de la nueva poesía guatemalteca. Ellos, en 1970, editan un libro colectivo: Las plumas de la serpiente, que contiene lo mejor de la producción de Julio Fausto Aguilera, Luis Alfredo Arango, Antonio Brañas, Francisco Morales Sants, Roberto Obregón Morales, Delia Quiñones y José Luis Villatorio. | ||
| 650 | 4 | |a POESIA GUATEMALTECA | |
| 773 | 0 | |t Cuadernos Hispanoamericanos : revista de cultura hispánica | |
| 773 | 0 | |g número 397 (Julio 1983) | |
| 773 | 0 | |g 1948- | |
| 773 | 0 | |g 81-100 páginas | |
| 999 | |c 1776 |d 1776 | ||
